Statistics for Top 10 Manganese Producing Countries Quiz

Click here to take the quiz!

General Stats

  • This quiz has been taken 43 times
    (14 since last reset)
  • The average score is 5 of 10

Answer Stats

ProductionCountry% Correct
740 kChina
100%
620 kBrazil
75%
3.0 mAustralia
67%
720 kIndia
67%
250 kMalaysia
42%
7.2 mSouth Africa
42%
320 kUkraine
25%
840 kGhana
17%
4.6 mGabon
8%
390 kIvory Coast
8%

Score Distribution

Percentile by Number Answered

Percent of People with Each Score

Your Score History

You have not taken this quiz since the last reset